[Event "St Veit op 41st"]
[Site "St Veit"]
[Date "2022.07.15"]
[Round "8"]
[White "Hechl, Fabian"]
[Black "Bauer, Thomas"]
[Result "1-0"]
[WhiteElo "1991"]
[BlackElo "2228"]
[PlyCount "73"]
[EventDate "2022.07.09"]
[EventType "swiss"]
[EventRounds "9"]
[EventCountry "AUT"]
[SourceTitle "CBM 209 Extra"]
[Source "ChessBase"]
[SourceDate "2022.09.30"]
[SourceVersion "1"]
[SourceVersionDate "2022.09.30"]
[SourceQuality "1"]

1. e4 c5 2. Nf3 d6 3. Nc3 Nf6 4. e5 dxe5 5. Nxe5 a6 6. g3 Qc7 7. d4 cxd4 8. Qxd4 Nc6 9. Nxc6 Qxc6 10. Bg5 Nd7 11. 0-0-0 f6 12. Bc4 e5 13. Rhe1 Be7 14. Qd5 fxg5 15. Qf7+ Kd8 16. Rxe5 Bf6 17. Re6 Qc5 18. Rxf6 gxf6 19. Qxf6+ Kc7 20. Qxh8 Qxc4 21. Qxh7 a5 22. Qf5 g4 23. Nb5+ Kb8 24. Rxd7 Qf1+ 25. Kd2 Ra6 26. Rd8 Rc6 27. Qe5+ Ka8 28. Nc7+ Kb8 29. Ne8+ Ka8 30. Qxa5+ Kb8 31. Qe5+ Ka7 32. Qd4+ Kb8 33. Nd6 Qh3 34. Nxc8 Qh6+ 35. Qf4+ Qxf4+ 36. gxf4 Kc7 37. Rh8 1-0

[Event "St Veit op 41st"]
[Site "St Veit"]
[Date "2022.07.09"]
[Round "1"]
[White "Hechl, Fabian"]
[Black "Bosiocic, Marin"]
[Result "0-1"]
[WhiteElo "1991"]
[BlackElo "2549"]
[PlyCount "62"]
[EventDate "2022.07.09"]
[EventType "swiss"]
[EventRounds "9"]
[EventCountry "AUT"]
[SourceTitle "CBM 209 Extra"]
[Source "ChessBase"]
[SourceDate "2022.09.30"]
[SourceVersion "1"]
[SourceVersionDate "2022.09.30"]
[SourceQuality "1"]

1. e4 c5 2. Nf3 Nc6 3. d4 cxd4 4. Nxd4 Nf6 5. Nc3 e5 6. Ndb5 d6 7. Bg5 a6 8. Na3 b5 9. Nd5 Be7 10. Bxf6 Bxf6 11. c4 b4 12. Nc2 a5 13. g3 0-0 14. h4 Be6 15. Bh3 Ra6 16. Kf1 g6 17. h5 Bg7 18. Kg2 Nb8 19. Nce3 Nd7 20. hxg6 hxg6 21. Qf3 Nc5 22. Rh2 Ra7 23. Rah1 Bxd5 24. Nxd5 Qg5 25. Qe2 f5 26. exf5 gxf5 27. f4 exf4 28. Nxf4 Be5 29. Qf3 Ne4 30. Rd1 Rg7 31. Rd3 Bxf4 0-1

[Event "AUT-chT2O 2122"]
[Site "Austria"]
[Date "2022.04.03"]
[Round "11.1"]
[White "Petran, Peter"]
[Black "Hechl, Fabian"]
[Result "1/2-1/2"]
[WhiteElo "2231"]
[BlackElo "2113"]
[PlyCount "67"]
[EventDate "2021.10.16"]
[EventType "team-tourn"]
[EventRounds "11"]
[EventCountry "AUT"]
[SourceTitle "EXT 2023"]
[Source "ChessBase"]
[SourceDate "2022.10.05"]
[SourceVersion "1"]
[SourceVersionDate "2022.10.05"]
[SourceQuality "1"]
[WhiteTeam "Mattersburg"]
[BlackTeam "Donaustadt"]
[WhiteTeamCountry "AUT"]
[BlackTeamCountry "AUT"]

1. g3 e5 2. c4 h5 3. h3 c6 4. d4 e4 5. d5 cxd5 6. cxd5 Bb4+ 7. Bd2 Qe7 8. a3 Bxd2+ 9. Qxd2 d6 10. Nc3 Nd7 11. Qe3 Ngf6 12. Bg2 0-0 13. Nxe4 Nxd5 14. Qd4 N7b6 15. Nd2 Be6 16. Ngf3 Rac8 17. 0-0 Rc7 18. Rfd1 Rfc8 19. b3 Nc3 20. Re1 Bxb3 21. Nxb3 Nxe2+ 22. Rxe2 Qxe2 23. Nbd2 Rc1+ 24. Rxc1 Rxc1+ 25. Kh2 d5 26. a4 Rd1 27. Qc5 Nc4 28. Qc8+ Kh7 29. Qf5+ Kg8 30. Nxc4 dxc4 31. Ne5 f6 32. Qe6+ Kh7 33. Qf5+ Kg8 34. Nf3 1/2-1/2

[Event "AUT-ch U18"]
[Site "St Veit"]
[Date "2021.10.29"]
[Round "7.6"]
[White "Hechl, Fabian"]
[Black "Schmidt, Florian1111"]
[Result "0-1"]
[WhiteElo "2113"]
[BlackElo "1939"]
[PlyCount "58"]
[EventDate "2021.10.25"]
[EventType "swiss"]
[EventRounds "7"]
[EventCountry "AUT"]
[SourceTitle "EXT 2023"]
[Source "ChessBase"]
[SourceDate "2022.10.05"]
[SourceVersion "1"]
[SourceVersionDate "2022.10.05"]
[SourceQuality "1"]

1. d4 d5 2. Nc3 Nf6 3. Bf4 e6 4. Nb5 Na6 5. a3 c6 6. Nc3 Be7 7. e3 0-0 8. Nf3 Nh5 9. Be5 f6 10. Bg3 e5 11. Bxa6 Nxg3 12. hxg3 bxa6 13. dxe5 fxe5 14. Nxe5 Qd6 15. Nd3 Bf5 16. g4 Bg6 17. Ne2 Rae8 18. Nef4 Bg5 19. 0-0 Be4 20. Nh3 Bd8 21. Ndf4 g5 22. Ne2 Qh6 23. Nd4 Bc7 24. Rc1 Qh4 25. f3 Qg3 26. Ne2 Qh2+ 27. Kf2 Rxf3+ 28. Ke1 Rxf1+ 29. Kxf1 Bxg2+ 0-1

[Event "AUT-chT2O 2021"]
[Site "Austria"]
[Date "2020.10.17"]
[Round "1.6"]
[White "Hechl, Fabian"]
[Black "Gschiel, Alexander"]
[Result "1/2-1/2"]
[WhiteElo "2051"]
[BlackElo "1936"]
[PlyCount "63"]
[EventDate "2020.10.17"]
[EventType "team-tourn"]
[EventRounds "11"]
[EventCountry "AUT"]
[SourceTitle "CBM 199 Extra"]
[Source "ChessBase"]
[SourceDate "2021.01.31"]
[SourceVersion "1"]
[SourceVersionDate "2021.01.31"]
[SourceQuality "1"]
[WhiteTeam "Donaustadt"]
[BlackTeam "Pamhagen II"]
[WhiteTeamCountry "AUT"]
[BlackTeamCountry "AUT"]

1. e4 c5 2. Nf3 d6 3. d4 cxd4 4. Nxd4 Nf6 5. Nc3 a6 6. f4 e5 7. Nf3 Nbd7 8. a4 Be7 9. Bc4 0-0 10. 0-0 Qc7 11. Qe2 Nc5 12. f5 b6 13. Bg5 Bb7 14. Bxf6 Bxf6 15. Bd5 Rfc8 16. Qe3 Nd7 17. Bxb7 Qxb7 18. g4 g6 19. Rf2 Qc6 20. Nd5 Qc5 21. Qh6 Qc4 22. fxg6 hxg6 23. Nd2 Qc5 24. b4 Qd4 25. c3 Rxc3 26. Nxc3 Qxc3 27. Raf1 Qxb4 28. g5 Bg7 29. Qh3 Nf8 30. Rxf7 Qxd2 31. Rxg7+ Kxg7 32. Qh6+ 1/2-1/2

[Event "AUT-ch Vor4 Internet"]
[Site "Playchess.com INT"]
[Date "2020.04.25"]
[Round "1"]
[White "Froewis, Georg"]
[Black "Hechl, Fabian"]
[Result "1-0"]
[WhiteElo "2457"]
[BlackElo "1999"]
[PlyCount "79"]
[EventDate "2020.04.25"]
[EventType "swiss (blitz)"]
[EventRounds "9"]
[EventCountry "AUT"]
[SourceTitle "EXT 2021"]
[Source "ChessBase"]
[SourceDate "2020.10.23"]
[SourceVersion "1"]
[SourceVersionDate "2020.10.23"]
[SourceQuality "1"]

1. Nf3 Nf6 2. c4 g6 3. Nc3 Bg7 4. e4 0-0 5. d4 d6 6. Be2 e5 7. 0-0 Nc6 8. d5 Ne7 9. Ne1 Nd7 10. Nd3 f5 11. f3 f4 12. Bd2 h5 13. Rc1 g5 14. c5 Nf6 15. Nb5 Ne8 16. Qc2 a6 17. cxd6 cxd6 18. Nc7 Nxc7 19. Qxc7 g4 20. Qxd8 Rxd8 21. Ba5 Rf8 22. Rc7 Ng6 23. Bb4 Rd8 24. Rfc1 gxf3 25. Bxf3 Bg4 26. Rxb7 a5 27. Rcc7 Bf6 28. Be1 Bxf3 29. gxf3 Rab8 30. Bxa5 Ra8 31. b4 Nh4 32. Kf2 Ng6 33. Ke2 Rdc8 34. Rxc8+ Rxc8 35. Bc7 Ra8 36. Rb8+ Rxb8 37. Bxb8 Be7 38. a4 Nf8 39. a5 Nd7 40. Bc7 1-0

[Event "AUT-ch Vor4 Internet"]
[Site "Playchess.com INT"]
[Date "2020.04.25"]
[Round "8"]
[White "Hiermann, Dietmar"]
[Black "Hechl, Fabian"]
[Result "0-1"]
[WhiteElo "2250"]
[BlackElo "1999"]
[PlyCount "84"]
[EventDate "2020.04.25"]
[EventType "swiss (blitz)"]
[EventRounds "9"]
[EventCountry "AUT"]
[SourceTitle "EXT 2021"]
[Source "ChessBase"]
[SourceDate "2020.10.23"]
[SourceVersion "1"]
[SourceVersionDate "2020.10.23"]
[SourceQuality "1"]

1. e4 e6 2. d4 d5 3. Nd2 c5 4. exd5 Qxd5 5. Ngf3 cxd4 6. Bc4 Qd6 7. Qe2 Nc6 8. Nb3 Nf6 9. Bg5 Be7 10. 0-0-0 0-0 11. Nfxd4 Nxd4 12. Rxd4 Qb6 13. Rhd1 h6 14. Be3 Qc7 15. Bf4 Qb6 16. g4 a5 17. a4 Nh7 18. Be3 Qc7 19. f4 Bf6 20. R4d2 b6 21. Bd3 Bb7 22. Qf2 Bd5 23. Nd4 Qd7 24. Bb5 Qd6 25. h4 Qb4 26. g5 hxg5 27. hxg5 Bxd4 28. Bxd4 Rac8 29. Qh4 Be4 30. Bd3 Qxd4 31. Rh2 Bxd3 32. Rxd3 Qxd3 33. Kb1 Qf1+ 34. Ka2 Qc4+ 35. Kb1 Qe4 36. b3 Rc3 37. g6 Qxg6 38. f5 Qxf5 39. Rf2 Qg6 40. Rh2 Rxb3+ 41. Ka2 Rb4 42. c3 Rxh4 0-1

[Event "AUT-ch U16"]
[Site "Sankt Veit an der Glan"]
[Date "2019.04.17"]
[Round "6"]
[White "Bauer, Sebastian1111"]
[Black "Hechl, Fabian"]
[Result "1/2-1/2"]
[WhiteElo "2031"]
[BlackElo "2066"]
[PlyCount "60"]
[EventDate "2019.04.14"]
[EventType "swiss"]
[EventRounds "7"]
[EventCountry "AUT"]
[SourceTitle "CBM 190 Extra"]
[Source "ChessBase"]
[SourceDate "2019.07.15"]
[SourceVersion "1"]
[SourceVersionDate "2019.07.15"]
[SourceQuality "1"]

1. Nf3 Nf6 2. b3 g6 3. Bb2 Bg7 4. g3 0-0 5. Bg2 d5 6. c4 c5 7. cxd5 Nxd5 8. Bxg7 Kxg7 9. Qc1 Qd6 10. Qb2+ Qf6 11. Qxf6+ exf6 12. 0-0 Be6 13. Rc1 Nd7 14. d4 cxd4 15. Nxd4 Rac8 16. Nd2 a6 17. Ne4 b6 18. Nd6 Rc5 19. e4 Nb4 20. f4 Rxc1+ 21. Rxc1 Nc5 22. f5 gxf5 23. exf5 Bd5 24. Bxd5 Nxd5 25. Re1 Rd8 26. Nc4 b5 27. Nd2 Nc3 28. N2f3 Nxa2 29. Re7 Kf8 30. Rc7 Ne4 1/2-1/2

[Event "AUT-chT2O 1819"]
[Site "Austria"]
[Date "2019.01.13"]
[Round "7.2"]
[White "Hechl, Fabian"]
[Black "Smith, Jeff R"]
[Result "1-0"]
[WhiteElo "1986"]
[BlackElo "2149"]
[PlyCount "127"]
[EventDate "2018.10.06"]
[EventType "team-tourn"]
[EventRounds "11"]
[EventCountry "AUT"]
[SourceTitle "CBM 189 Extra"]
[Source "ChessBase"]
[SourceDate "2019.06.03"]
[SourceVersion "1"]
[SourceVersionDate "2019.06.03"]
[SourceQuality "1"]
[WhiteTeam "Donaustadt"]
[BlackTeam "Hietzing"]
[WhiteTeamCountry "AUT"]
[BlackTeamCountry "AUT"]

1. e4 e6 2. d4 d5 3. Nd2 Nf6 4. e5 Nfd7 5. Bd3 c5 6. c3 Nc6 7. Ne2 cxd4 8. cxd4 Qb6 9. Nf3 f6 10. exf6 Nxf6 11. 0-0 Bd6 12. b3 0-0 13. Bf4 Bxf4 14. Nxf4 Kh8 15. Ng5 Qxd4 16. Ngxe6 Bxe6 17. Nxe6 Qh4 18. Nxf8 Rxf8 19. h3 g5 20. Bf5 Qf4 21. Bg4 Ne5 22. Qc1 Nfxg4 23. Qxf4 Rxf4 24. hxg4 Rxg4 25. f3 Rf4 26. Rac1 Nc6 27. Rfd1 d4 28. Rc5 h6 29. a3 a5 30. Rb5 Rf7 31. b4 axb4 32. axb4 Rd7 33. Rb6 Kg7 34. Kf2 Ne5 35. Re6 Nc6 36. b5 Ne7 37. b6 Nc6 38. Rb1 Rd8 39. Ke2 Rh8 40. Kd3 Kf7 41. Rxc6 bxc6 42. Kxd4 Ke6 43. Kc5 Kd7 44. Rd1+ Kc8 45. Kxc6 h5 46. Rd6 Rg8 47. Rh6 h4 48. b7+ Kb8 49. Rd6 Rh8 50. Rg6 Rf8 51. Rxg5 Rf6+ 52. Kd5 Kxb7 53. Ke5 Rh6 54. f4 Kc8 55. f5 Kd8 56. Rg6 Rh5 57. Ke6 h3 58. gxh3 Rxh3 59. f6 Re3+ 60. Kf7 Rf3 61. Kf8 Rf1 62. f7 Kd7 63. Kg8 Ke7 64. Rg7 1-0

[Event "AUT-ch U14"]
[Site "St Kanzian"]
[Date "2018.05.20"]
[Round "4.1"]
[White "Rosol, Alexander"]
[Black "Hechl, Fabian"]
[Result "0-1"]
[WhiteElo "1811"]
[BlackElo "1890"]
[PlyCount "64"]
[EventDate "2018.05.19"]
[EventType "swiss"]
[EventRounds "7"]
[EventCountry "AUT"]
[SourceTitle "EXT 2024"]
[Source "ChessBase"]
[SourceDate "2023.10.10"]
[SourceVersion "1"]
[SourceVersionDate "2023.10.10"]
[SourceQuality "1"]

1. e4 e6 2. d4 d5 3. Nc3 Nf6 4. Bg5 dxe4 5. Bxf6 gxf6 6. Nxe4 Be7 7. Nf3 f5 8. Ng3 c5 9. Bb5+ Bd7 10. Bxd7+ Nxd7 11. d5 Qa5+ 12. c3 0-0-0 13. d6 Nf6 14. 0-0 Bxd6 15. Qc2 h5 16. b4 Qc7 17. bxc5 Bxc5 18. Rfd1 Ng4 19. Rf1 Nxh2 20. Nxh2 Qxg3 21. Kh1 Qh4 22. f4 Qe7 23. Rab1 h4 24. Rf3 Qc7 25. c4 h3 26. gxh3 Qc6 27. Qb3 Rxh3 28. Kg2 Rh6 29. Nf1 b6 30. a4 Rg6+ 31. Kh2 Rh8+ 32. Rh3 Qg2# 0-1

[Event "EU-ch U14 27th"]
[Site "Mamaia"]
[Date "2017.09.09"]
[Round "5"]
[White "Hechl, Fabian"]
[Black "Yeremyan, Alen"]
[Result "0-1"]
[WhiteElo "1912"]
[BlackElo "2060"]
[PlyCount "54"]
[EventDate "2017.09.05"]
[EventType "swiss"]
[EventRounds "9"]
[EventCountry "ROU"]
[SourceTitle "CBM 180 Extra"]
[Source "ChessBase"]
[SourceDate "2017.10.06"]
[SourceVersion "1"]
[SourceVersionDate "2017.10.06"]
[SourceQuality "1"]

1. e4 Nf6 2. e5 Nd5 3. d4 d6 4. c4 Nb6 5. exd6 cxd6 6. Nc3 g6 7. Be3 Bg7 8. Rc1 0-0 9. Bd3 Nc6 10. Nge2 e5 11. d5 Nb4 12. b3 Nxd3+ 13. Qxd3 f5 14. 0-0 f4 15. Bxb6 Qxb6 16. Na4 Qd8 17. c5 Bf5 18. Qb5 Qg5 19. Kh1 e4 20. Ng1 f3 21. g3 Qh5 22. Qc4 Rae8 23. Rce1 Re5 24. h4 g5 25. Nxf3 Qxf3+ 26. Kh2 gxh4 27. Re3 hxg3+ 0-1

[Event "AUT-ch U14"]
[Site "St Veit"]
[Date "2017.06.06"]
[Round "7.3"]
[White "Hechl, Fabian"]
[Black "Bauer, Sebastian"]
[Result "1-0"]
[WhiteElo "1884"]
[BlackElo "1899"]
[PlyCount "79"]
[EventDate "2017.06.03"]
[EventType "swiss"]
[EventRounds "7"]
[EventCountry "AUT"]
[SourceTitle "EXT 2024"]
[Source "ChessBase"]
[SourceDate "2023.10.10"]
[SourceVersion "1"]
[SourceVersionDate "2023.10.10"]
[SourceQuality "1"]

1. e4 e5 2. Nf3 Nc6 3. Nc3 Nf6 4. g3 g6 5. Bg2 Bg7 6. 0-0 0-0 7. d4 d6 8. d5 Ne7 9. Nd2 Nd7 10. Nc4 f5 11. f4 a6 12. a4 Rb8 13. a5 Rf7 14. Be3 Qf8 15. Bh3 Bh6 16. Kh1 Bg7 17. Qd2 exf4 18. gxf4 Qd8 19. Bd4 Nf6 20. Bxf6 Bxf6 21. e5 dxe5 22. fxe5 Bg7 23. Rae1 Rf8 24. Bg2 Kh8 25. d6 cxd6 26. exd6 Ng8 27. Nb6 Rf7 28. Rd1 Bd7 29. Rfe1 Bf8 30. Qd5 Kg7 31. Qe5+ Nf6 32. Ncd5 Bc6 33. Nxf6 Bxg2+ 34. Kxg2 Qxf6 35. Qxf6+ Kxf6 36. d7 Rd8 37. Re8 Be7 38. Nd5+ Ke6 39. Nxe7 Rf8 40. Rxf8 1-0

[Event "AUT-ch U14"]
[Site "St Veit"]
[Date "2017.06.05"]
[Round "6.1"]
[White "Peyrer, Konstantin"]
[Black "Hechl, Fabian"]
[Result "1/2-1/2"]
[WhiteElo "2005"]
[BlackElo "1884"]
[PlyCount "66"]
[EventDate "2017.06.03"]
[EventType "swiss"]
[EventRounds "7"]
[EventCountry "AUT"]
[SourceTitle "EXT 2024"]
[Source "ChessBase"]
[SourceDate "2023.10.10"]
[SourceVersion "1"]
[SourceVersionDate "2023.10.10"]
[SourceQuality "1"]

1. e4 e5 2. Nf3 d6 3. d4 exd4 4. Nxd4 Nf6 5. Nc3 Be7 6. g3 0-0 7. Bg2 Re8 8. 0-0 Bf8 9. h3 c5 10. Nde2 Bd7 11. e5 dxe5 12. Bxb7 Nc6 13. Bxa8 Qxa8 14. f3 Bxh3 15. Rf2 Nd4 16. Nxd4 cxd4 17. Ne2 d3 18. cxd3 Bc5 19. d4 exd4 20. Nf4 Bf5 21. Nd3 Bb6 22. Re2 Nd5 23. Rxe8+ Qxe8 24. Kf2 Ne3 25. Qe2 Qb5 26. a4 Qxd3 27. Qxd3 Bxd3 28. a5 Bc5 29. Bd2 Nc2 30. Rc1 Kf8 31. b4 Bd6 32. b5 Bc7 33. Bb4+ Nxb4 1/2-1/2